| 000 | 00616cam a22002292i 4500 | ||
|---|---|---|---|
| 001 | CIP113009106 | ||
| 003 | YEEZEN | ||
| 005 | 20250903144953.0 | ||
| 008 | 240618s2024 ch e 000 0 chi d | ||
| 020 |
_a9786267268995 _q(平裝) : _cNT$400 |
||
| 040 |
_aCIP _bchi _cCIP |
||
| 042 | _anbic | ||
| 084 |
_a415 _2ncsclt |
||
| 090 | _a415 | ||
| 245 | 1 | 0 |
_aICU重症醫療現場3: 當一個更有溫度的人 _c /陳志金著 |
| 250 | _a初版 | ||
| 260 |
_a臺北市 : _b原水文化, _c2024.08 |
||
| 300 |
_a面 ; _c公分 |
||
| 650 | 7 |
_2lcstt _a重症醫學 |
|
| 650 | 7 |
_2lcstt _a通俗作品 |
|
| 942 |
_2ccl _cBOOK |
||
| 999 |
_c7674 _d7674 |
||